| 000 | 00351nam a2200145Ia 4500 | ||
|---|---|---|---|
| 008 | 150201s2012 xx 000 0 und d | ||
| 082 |
_a616.07 _bC12P |
||
| 100 | _aPATEL, PRASHANT | ||
| 245 | _aCONCISE PATHOLOGY FOR MEDICAL STUDENTS | ||
| 250 | _a1ST | ||
| 260 |
_bCBS _aDELHI _c2012 |
||
| 300 | _a1-262 | ||
| 650 | _aPATHOLOGY | ||
| 942 |
_2ddc _cBK _028 |
||
| 999 |
_c1430 _d1430 |
||